The Professional Teacher (Record no. 86888)
[ view plain ]
| 000 -LEADER | |
|---|---|
| fixed length control field | 00361nam a22001457a 4500 |
| 005 - DATE AND TIME OF LATEST TRANSACTION | |
| control field | 20251002135419.0 |
| 008 - FIXED-LENGTH DATA ELEMENTS--GENERAL INFORMATION | |
| fixed length control field | 250916b |||||||| |||| 00| 0 eng d |
| 022 ## - INTERNATIONAL STANDARD SERIAL NUMBER | |
| International Standard Serial Number | 2243-920X |
| 040 ## - CATALOGING SOURCE | |
| Transcribing agency | URS |
| 082 ## - DEWEY DECIMAL CLASSIFICATION NUMBER | |
| Classification number | 371.1 |
| 245 ## - TITLE STATEMENT | |
| Title | The Professional Teacher |
| 264 ## - PRODUCTION, PUBLICATION, DISTRIBUTION, MANUFACTURE, AND COPYRIGHT NOTICE | |
| Place of production, publication, distribution, manufacture | Quezon City: |
| Name of producer, publisher, distributor, manufacturer | Lorimar Publishing Inc. |
| 650 ## - SUBJECT ADDED ENTRY--TOPICAL TERM | |
| Topical term or geographic name entry element | Teaching Profession. |
| 942 ## - ADDED ENTRY ELEMENTS (KOHA) | |
| Source of classification or shelving scheme | Dewey Decimal Classification |
| Koha item type | Continuing Resources |
| Withdrawn status | Lost status | Source of classification or shelving scheme | Damaged status | Not for loan | Home library | Current library | Shelving location | Date acquired | Serial Enumeration / chronology | Total Checkouts | Barcode | Date last seen | Price effective from | Koha item type |
|---|---|---|---|---|---|---|---|---|---|---|---|---|---|---|
| Dewey Decimal Classification | Pililla College Library | Pililla College Library | Periodicals | 09/16/2025 | Vol XVI, Number 1(January to June 2025) | PIL-2243-920X-16-1 | 09/16/2025 | 09/16/2025 | Continuing Resources | |||||
| Dewey Decimal Classification | Pililla College Library | Pililla College Library | 10/15/2025 | Vol XIV No. 1 ( January-June 2023) | PIL-2243-920X-14-1 | 10/15/2025 | 10/15/2025 | Continuing Resources | ||||||
| Dewey Decimal Classification | Pililla College Library | Pililla College Library | 10/15/2025 | Vol XIV No.2 (July-December 2023) | PIL-2243-920X-14-2 | 10/15/2025 | 10/15/2025 | Continuing Resources |